000 00360 a2200157 4500
001 194467
020 _a978-85-87564-28-3
040 _cMagnum
100 _aPires, Celia Carolino
240 1 0 _aEspaço & forma
_lpor
245 1 0 _aEspaço & forma
300 _a266
362 0 _a2012
697 _aCIÊNCIAS FÍSICAS, QUÍMICAS E BIOLÓGICAS
942 _cBK
999 _c194467
_d194467